00990nam a2200289Ia 450000500170000000800370001702000180005404100080007210000290008024500700010925000180017930000410019753400190023865000440025765000460030165000410034765000350038865000340042365000360045770000300049326400430052333600270056633700330059333800280062604000350065408400110068920220317001845.0170410s2014 s a g 000 0 s a9788494164521 aspa1 aGorey, Edwardd1925-200013aEl murciélago doradocEdward Gorey ; traducción Marcial Souto a1a. edición a[61] páginasbilustracionesc14 cm tThe gilded bat142LEMBaCuentos estadounidensesySiglo XX142LEMBaLiteratura estadounidenseySiglo XX142LEMBaLibros ilustrados para niños142LEMBaIntriga en la literatura142LEMBaMuerte en la literatura142LEMBaTragedia en la literatura1 aSouto, Marcialetraductor aBarcelonabLibros del Zorro Rojoc2014 atextobtxt2rdacontent asin mediaciónbn2rdamedia avolumenbnc2rdacarrier aCO-BoRNBPbspaerdacCO-BoRNBP aA GOR8